000 01267nam a22003737a 4500
003 CHAP
005 20220817041012.0
008 971013s1990 tw r 00010 eng d
010 _a4298
011 _a5270
035 _a4477
040 _cCHAP
090 _aFolleto 13331
100 0 0 _aChing-Tien Tseng.
_922586
245 1 _aBreeding high-yielding hybrid corn, which is resistant to diseases, pests and lodging, and tolerant of high soil moisture
260 _aTaipei,Taiwan :
_bFood and technology Center,
_c1990
300 _a8 p
490 _aTechnical bulletin
_v; 121
500 _a1992/140
590 _aBATCH-UPD
_b10
_c20130110
_lUCH01
_h0241
590 _aBATCH-UPD
_b10
_c20130110
_lUCH01
_h1721
590 _aBATCH-UPD
_b10
_c20130409
_lUCH01
_h2308
590 _aBATCH-UPD
_b10
_c20130914
_lUCH01
_h1748
590 _aCONVERSION
_b10
_c20130109
_lUCH01
_h1304
650 1 4 _aMaíz
_xHíbridos.
_970974
650 1 4 _aMaíz
_xMejoramiento.
_971006
650 1 4 _aMaíz
_xVariedades resistentes a enfermedades.
_971082
650 1 4 _aMaíz
_xVariedades resistentes a plagas.
_971083
650 1 4 _aSuelos
_xHumedad.
_9110391
830 0 _aTechnical bulletin
_v; 121
901 _aBK
942 _cFOLL
949 _aFolleto 13331
_bBC
_cFOLL
_d-14023
_eTS1
_i4477
_si
999 _c4298
_d4298